000
00285nam a2200109Ia 4500
008
230907s9999||||xx |||||||||||||| ||und||
082
_a
697
_b
KAV
100
_a
Kavanaugh, Stephen P.,
_9
115771
245
0
_a
Geothermal heating and cooling :
300
_a
xviii, 420 pages :
942
_c
BK
999
_c
599513
_d
599513